000
00337nam a2200145Ia 4500
008
191201s2011 xx 000 0 und d
082
_a
658.3
_b
ARH
100
_a
ARORA,Vikas
245
0
_a
Human Resource Management
250
_a
1st
260
_a
N. Delhi
_b
Global vision pub
_c
2011
300
_a
663
650
_a
BBA
942
_2
ddc
_c
BK
999
_c
4955
_d
4955